Responses for Show #4510 - Friday, March 26, 2004

Contestants

[<< previous game]

Don Wynne, a lawyer from Stamford, Connecticut

Valerie Takacs, an accounting assistant from Hudson, Ohio

Mike Smith, a litigation technology specialist from Washington, D.C. (whose 1-day cash winnings total $16,100)

[next game >>]

Jeopardy! Round responses

20th CENTURY PEOPLE
A QUESTION ABOUT TELEVISION
TUNE IN TUNISIA
SPOT THE POOCH
FACTS IN THE WORLD ALMANAC
"Z" END
    $200 1
Dublin

Mike
    $200 10
Who can turn the world on with her smile?

Don
    $200 20
French

Mike
    $200 17
(Don: What are hounds?)

mastiff

ValerieDon
    $200 15
(Don: What are cows?)

pizzas

Don
Triple Stumper
    $200 6
Klutz

Mike
    $400 2
Hitler

Mike
    $400 11
The Lone Ranger

Valerie
    $400 21
the crescent & the star

Mike
    $400 18
the shar-pei

Don
    $400 27
an anchor

Mike
    $400 7
Orbitz

Don
    $600 3
Dashiell Hammett

Don
    $600 12
(Mike: What is "What'chu talkin' about... Willis?")
(Alex: I don't think Gary put the pause in quite like that, but you are correct!)

What'chu talkin' 'bout, Willis?

Mike
    $600 22
Sicily

Mike
    $600 19
the bichon frise

Mike
    $600 28
3

Triple Stumper
    $600 8
ersatz

Triple Stumper
    $800 4
Busby Berkeley

Valerie
    $800 13
Laura Palmer

Valerie
    $2,000 23
(Mike: What is Troy?)
...
(Alex: You are now tied with Valerie with a minute to play.)

Carthage

Mike
    $800 25
the cockapoo

Valerie
    $800 29
[The end-of-round signal sounds.]

Susan B. Anthony

Mike
    $800 9
Frazz

Triple Stumper
    $1000 5
(Jean-Paul) Sartre

Don
    $1000 14
What's My Line?

Mike
    $1000 24
Barbarossa

Don
    $1000 26
the kelpie

Triple Stumper
    $1000 16
chintz

Don

Scores at the first commercial break (after clue 15):

Mike Valerie Don
$2,400 $2,000 $2,000

Scores at the end of the Jeopardy! Round:

Mike Valerie Don
$3,400 $3,000 $4,200

Double Jeopardy! Round responses

ARCHITECTURE & BUILDING
'70s MOVIE THEMES
THE WRITER WRITES A LETTER
FOOD & DRINK BRANDS
NAMES IN NATURE
BEGINS & ENDS WITH "N"
    $400 24
(Alex: With a minute to go.)

the Lincoln Memorial

Valerie
    $400 11
"New York, New York"

Don
    $400 16
Ernest Hemingway

Mike
    $400 1
Chef Boyardee

Valerie
    $400 21
duck

Valerie
    $400 6
Neapolitan

Mike
    $800 27
bricks

Don
    $800 12
(Don: What is Love Story?)

A Star Is Born

ValerieDon
    $800 17
(Mike: Who is Dumas?)

Victor Hugo

MikeValerie
    $800 2
Arizona

Valerie
    $800 22
manta ray

Don
    $800 7
noggin

Don
    $1200 28
[The end-of-round signal sounds.]

arches

Triple Stumper
    $1200 13
"Gonna Fly Now"

Don
    $1200 18
Dostoevsky

Don
    $1200 3
(Don: What is Maxwell House?)

Yuban

Don
Triple Stumper
    $1200 23
(Don: What is a flying fish?)

skipjack

Don
Triple Stumper
    $1200 8
niacin

Don
    $1600 14
The Godfather

Valerie
    $1600 19
Charles Dickens

Mike
    $1,800 4
(Valerie: [Shakes head])

San Pellegrino

Valerie
    $2,000 25
the Joshua tree

Valerie
    $1600 9
a nelson

Don
    $2000 15
The Exorcist

Valerie
    $2000 20
(Edgar Allan) Poe

Valerie
    $2000 5
Jolly Rancher

Triple Stumper
    $2000 26
mealybug

Triple Stumper
    $2000 10
nephron

Triple Stumper

Scores at the end of the Double Jeopardy! Round:

Mike Valerie Don
$5,000 $12,400 $9,000

[wagering suggestions for these scores]

Final Jeopardy! Round responses

MEDICAL TERMINOLOGY
MikeWhat is a black eye?
$1,800
DonWhat is a black eye
$9,000
ValerieWhat is a black eye?
$6,000
a black eye

Final scores:

Mike Valerie Don
$6,800 $18,400 $18,000
3rd place: $1,000 New champion: $18,400 2nd place: $2,000

Game dynamics:

Coryat scores:

Mike Valerie Don
$7,000 $13,800 $9,000
14 R,
2 W
(including 1 DD)
15 R
(including 1 DD),
1 W
(including 1 DD)
15 R,
5 W

Combined Coryat: $29,800

[game clues] [game scores] [suggest correction]

Game tape date: 2004-01-20
The J! Archive is created by fans, for fans. Scraping, republication, monetization, and malicious use prohibited; this site may use cookies and collect identifying information. See terms. The Jeopardy! game show and all elements thereof, including but not limited to copyright and trademark thereto, are the property of Jeopardy Productions, Inc. and are protected under law. This website is not affiliated with, sponsored by, or operated by Jeopardy Productions, Inc. Join the discussion at JBoard.tv.